<?xml version="1.0" encoding="UTF-8"?><?xml-stylesheet type="text/xsl" href="static/style.xsl"?><OAI-PMH xmlns="http://www.openarchives.org/OAI/2.0/" xmlns:xsi="http://www.w3.org/2001/XMLSchema-instance" xsi:schemaLocation="http://www.openarchives.org/OAI/2.0/ http://www.openarchives.org/OAI/2.0/OAI-PMH.xsd"><responseDate>2026-05-01T14:51:36Z</responseDate><request verb="GetRecord" identifier="oai:repisalud.isciii.es:20.500.12105/9206" metadataPrefix="marc">https://repisalud.isciii.es/rest/oai/request</request><GetRecord><record><header><identifier>oai:repisalud.isciii.es:20.500.12105/9206</identifier><datestamp>2025-05-08T08:44:02Z</datestamp><setSpec>com_20.500.12105_2052</setSpec><setSpec>com_20.500.12105_2051</setSpec><setSpec>col_20.500.12105_19608</setSpec><setSpec>col_20.500.12105_19627</setSpec></header><metadata><record xmlns="http://www.loc.gov/MARC21/slim" xmlns:dcterms="http://purl.org/dc/terms/" xmlns:doc="http://www.lyncode.com/xoai" xmlns:xsi="http://www.w3.org/2001/XMLSchema-instance" xsi:schemaLocation="http://www.loc.gov/MARC21/slim http://www.loc.gov/standards/marcxml/schema/MARC21slim.xsd">
   <leader>00925njm 22002777a 4500</leader>
   <datafield ind2=" " ind1=" " tag="042">
      <subfield code="a">dc</subfield>
   </datafield>
   <datafield ind2=" " ind1=" " tag="720">
      <subfield code="a">Larrauri, Amparo</subfield>
      <subfield code="e">author</subfield>
   </datafield>
   <datafield ind2=" " ind1=" " tag="720">
      <subfield code="a">Jimenez-Jorge, Silvia</subfield>
      <subfield code="e">author</subfield>
   </datafield>
   <datafield ind2=" " ind1=" " tag="720">
      <subfield code="a">Simon Mendez, Lorena</subfield>
      <subfield code="e">author</subfield>
   </datafield>
   <datafield ind2=" " ind1=" " tag="720">
      <subfield code="a">Mateo-Ontañon, Salvador de</subfield>
      <subfield code="e">author</subfield>
   </datafield>
   <datafield ind2=" " ind1=" " tag="260">
      <subfield code="c">2010-09</subfield>
   </datafield>
   <datafield ind2=" " ind1=" " tag="520">
      <subfield code="a">Fundamento:España  experimentó  una  circulación  del  nuevovirus de la gripe (H1N1)2009 durante el verano de 2009, que evolu-cionó de forma creciente hasta la presentación a principios del otoñode la primera onda pandémica por dicho virus. Los objetivos de estetrabajo son describir la evolución de esta onda pandémica en nuestropaís y evaluar su impacto en la morbilidad y mortalidad de la pobla-ción española.Método:A partir de la información proporcionada por el Siste-ma de Vigilancia de la Gripe en España y el Centro de Coordinaciónde Alertas y Emergencias del Ministerio de Sanidad y Política Socialse han estimado una serie de indicadores epidemiológicos y viroló-gicos para evaluar el nivel de actividad e intensidad de la onda pan-démica, así como su gravedad.Resultados: La onda pandémica por el virus (H1N1)2009 se ini-ció  a  comienzos  del  otoño  de  2009  y  registró  valores  máximos  deincidencia de gripe de 372,15 casos semanales/100.000 habitantes.Las mayores tasas de incidencia de gripe se observaron en los meno-res de 15 años. La tasa de detección viral en el periodo pandémico semantuvo en el rango de las registradas previamente (46,4%). Se esti-mó una tasa de letalidad global de 0,43 defunciones por 1.000 casosde gripe pandémica. Un 64% de las defunciones por gripe pandémi-ca se registraron en adultos jóvenes, con máximas tasas de mortali-dad en el grupo de 45-64 años (9,35 defunciones/1.000.000 habitan-tes). La mortalidad asociada a gripe estacional en el periodo 2001-2008 fue máxima en los mayores de 64 años (95% del total de defun-ciones).Conclusiones: La  onda  pandémica  por  el  virus  de  la  gripe(H1N1)2009 tuvo una presentación precoz en España y una intensi-dad media en comparación con las trece ondas estacionales previasde gripe. Esta primera onda también se caracterizó por un carácterleve, teniendo en cuenta tasas de letalidad o mortalidad, si bien unelevado  porcentaje  de  las  defunciones  confirmadas  por  el  nuevovirus se ha observado en menores de 65 años&#xd;
Método: A partir de la información proporcionada por el Sistema de Vigilancia de la Gripe en España y el Centro de Coordinación de Alertas y Emergencias del Ministerio de Sanidad y Política Social se han estimado una serie de indicadores epidemiológicos y virológicos para evaluar el nivel de actividad e intensidad de la onda pandémica, así como su gravedad.&#xd;
Resultados: La onda pandémica por el virus (H1N1)2009 se inició a comienzos del otoño de 2009 y registró valores máximos de incidencia de gripe de 372,15 casos semanales/100.000 habitantes. Las mayores tasas de incidencia de gripe se observaron en los menores de 15 años. La tasa de detección viral en el periodo pandémico se mantuvo en el rango de las registradas previamente (46,4%). Se estimó una tasa de letalidad global de 0,43 defunciones por 1.000 casos de gripe pandémica. Un 64% de las defunciones por gripe pandémica se registraron en adultos jóvenes, con máximas tasas de mortalidad en el grupo de 45-64 años (9,35 defunciones/1.000.000 habitantes). La mortalidad asociada a gripe estacional en el periodo 2001-2008 fue máxima en los mayores de 64 años (95% del total de defunciones).&#xd;
Conclusiones: La onda pandémica por el virus de la gripe (H1N1)2009 tuvo una presentación precoz en España y una intensidad media en comparación con las trece ondas estacionales previas de gripe. Esta primera onda también se caracterizó por un carácter leve, teniendo en cuenta tasas de letalidad o mortalidad, si bien un elevado porcentaje de las defunciones confirmadas por el nuevo virus se ha observado en menores de 65 años.</subfield>
   </datafield>
   <datafield ind1="8" ind2=" " tag="024">
      <subfield code="a">Rev Esp Salud Publica. 2010 Sep-Oct;84(5):569-88.</subfield>
   </datafield>
   <datafield ind1="8" ind2=" " tag="024">
      <subfield code="a">10.1590/s1135-57272010000500009</subfield>
   </datafield>
   <datafield ind1="8" ind2=" " tag="024">
      <subfield code="a">1135-5727</subfield>
   </datafield>
   <datafield ind1="8" ind2=" " tag="024">
      <subfield code="a">Revista espanola de salud publica</subfield>
   </datafield>
   <datafield ind1="8" ind2=" " tag="024">
      <subfield code="a">21203720</subfield>
   </datafield>
   <datafield ind1="8" ind2=" " tag="024">
      <subfield code="a">http://hdl.handle.net/20.500.12105/9206</subfield>
   </datafield>
   <datafield ind2="0" ind1="0" tag="245">
      <subfield code="a">Vigilancia de la pandemia de gripe (H1N1) 2009 en España</subfield>
   </datafield>
</record></metadata></record></GetRecord></OAI-PMH>